000 00225nam a2200085Ia 4500
008 120527s9999 xx 000 0 und d
100 _aOAKES, et al
245 _aEnginering air future. An introduction to Enginering
942 _cBK
999 _c25549
_d25549